[Event "Wch U18 Girls"]
[Site "Kemer"]
[Date "2009.11.20"]
[Round "9"]
[White "Guadamuro Torrente, Anabel"]
[Black "Bakhtiyarly, Aysel Anvar Qizi"]
[Result "1-0"]
[WhiteElo "2116"]
[BlackElo "2042"]
[PlyCount "71"]
[EventDate "2009.11.12"]
[EventType "swiss"]
[EventRounds "11"]
[EventCountry "TUR"]
[SourceTitle "EXT 2010"]
[Source "ChessBase"]
[SourceDate "2010.11.25"]
[SourceVersion "1"]
[SourceVersionDate "2010.11.25"]
[SourceQuality "1"]

1. e4 c5 2. Nf3 d6 3. d4 cxd4 4. Nxd4 Nf6 5. Nc3 a6 6. h3 e5 7. Nde2 b5 8. g4 Bb7 9. Bg2 b4 10. Nd5 Nxd5 11. exd5 Be7 12. Ng3 0-0 13. 0-0 Nd7 14. f4 Qb6+ 15. Kh2 Rac8 16. Nf5 Rfe8 17. fxe5 Nxe5 18. Bf4 Bf8 19. b3 a5 20. Qd2 Qc5 21. Rf2 Ra8 22. Re1 Ng6 23. Be3 Qb5 24. Ref1 Qd7 25. c4 bxc3 26. Qxc3 a4 27. Bd4 Ne5 28. Ne3 Rac8 29. Qd2 Ba6 30. Re1 axb3 31. axb3 Qb7 32. Ra1 g6 33. Rf6 Rcd8 34. Qa5 Bg7 35. Bxe5 Rxe5 36. Qxd8+ 1-0

[Event "Wch U18 Girls"]
[Site "Kemer"]
[Date "2009.11.19"]
[Round "8"]
[White "Bakhtiyarly, Aysel Anvar Qizi"]
[Black "Semenova, Elena"]
[Result "1/2-1/2"]
[WhiteElo "2042"]
[BlackElo "2233"]
[PlyCount "37"]
[EventDate "2009.11.12"]
[EventType "swiss"]
[EventRounds "11"]
[EventCountry "TUR"]
[SourceTitle "EXT 2010"]
[Source "ChessBase"]
[SourceDate "2010.11.25"]
[SourceVersion "1"]
[SourceVersionDate "2010.11.25"]
[SourceQuality "1"]

1. e4 e5 2. Nf3 Nf6 3. Nxe5 d6 4. Nf3 Nxe4 5. Nc3 Nxc3 6. dxc3 Be7 7. Be3 Nc6 8. Qd2 Be6 9. 0-0-0 Qd7 10. Kb1 a6 11. h3 0-0-0 12. g4 f5 13. g5 Ne5 14. Be2 c5 15. Bf4 Ng6 16. c4 Rhe8 17. Bh2 Qc6 18. h4 Ne5 19. Qc3 1/2-1/2

[Event "Wch U18 Girls"]
[Site "Vung Tau"]
[Date "2008.10.22"]
[Round "3"]
[White "Ozturk Orenli, Kubra"]
[Black "Bakhtiyarly, Aysel Anvar Qizi"]
[Result "1/2-1/2"]
[WhiteElo "2254"]
[BlackElo "1988"]
[PlyCount "100"]
[EventDate "2008.10.20"]
[EventType "swiss"]
[EventRounds "11"]
[EventCountry "VIE"]
[SourceTitle "EXT 2009"]
[Source "ChessBase"]
[SourceDate "2008.11.26"]
[SourceVersion "1"]
[SourceVersionDate "2008.11.26"]
[SourceQuality "1"]

1. d4 Nf6 2. Nf3 e6 3. c4 Bb4+ 4. Nbd2 b6 5. e3 Bb7 6. Bd3 0-0 7. 0-0 d5 8. a3 Be7 9. cxd5 exd5 10. b4 Nbd7 11. Bb2 Re8 12. Qc2 Bd6 13. Rac1 Ne4 14. Bb5 Re6 15. Rfd1 Rh6 16. g3 Ndf6 17. Nxe4 Nxe4 18. Bf1 Bc8 19. Ne5 Bf5 20. Qe2 f6 21. Nd3 Qd7 22. Bg2 c6 23. Bc3 Re8 24. Be1 Ng5 25. f3 Nh3+ 26. Bxh3 Rxh3 27. Nf2 Rh6 28. Rc3 Qc7 29. Kg2 Rg6 30. Nd3 h5 31. Qd2 h4 32. Nf4 Bxf4 33. exf4 hxg3 34. Bxg3 Qd6 35. Rdc1 Bd7 36. Re3 Rxe3 37. Qxe3 f5 38. Qd2 Re6 39. Bh4 Qb8 40. Bg5 Qe8 41. Kf2 Bc8 42. Qd3 Bd7 43. Qd2 Bc8 44. Re1 Rxe1 45. Qxe1 Qxe1+ 46. Kxe1 Kf7 47. Bd8 b5 48. Bc7 a6 49. Kf2 Kg6 50. Be5 Kh6 1/2-1/2

[Event "Wch U18 Girls"]
[Site "Vung Tau"]
[Date "2008.10.20"]
[Round "1"]
[White "Corke, Anya Sun"]
[Black "Bakhtiyarly, Aysel Anvar Qizi"]
[Result "0-1"]
[WhiteElo "2301"]
[BlackElo "1988"]
[PlyCount "52"]
[EventDate "2008.10.20"]
[EventType "swiss"]
[EventRounds "11"]
[EventCountry "VIE"]
[SourceTitle "EXT 2009"]
[Source "ChessBase"]
[SourceDate "2008.11.26"]
[SourceVersion "1"]
[SourceVersionDate "2008.11.26"]
[SourceQuality "1"]

1. d4 Nf6 2. c4 g6 3. Nc3 Bg7 4. e4 d6 5. Nf3 0-0 6. h3 Nc6 7. d5 Nb4 8. Be3 a5 9. Be2 e5 10. c5 Nh5 11. a3 Na6 12. cxd6 cxd6 13. g3 Rb8 14. Nd2 Nf6 15. Nb5 Ne8 16. Nc4 b6 17. Na7 Bd7 18. Nc6 Bxc6 19. dxc6 b5 20. Nd2 d5 21. exd5 Qxd5 22. Bf3 Qe6 23. Bg2 Kh8 24. Qe2 a4 25. Rc1 Nec7 26. 0-0 f5 0-1

[Event "Wch U16 Girls"]
[Site "Kemer"]
[Date "2007.11.28"]
[Round "11"]
[White "Jussupow, Ekaterina"]
[Black "Bakhtiyarly, Aysel Anvar Qizi"]
[Result "1-0"]
[WhiteElo "2071"]
[BlackElo "1951"]
[PlyCount "69"]
[EventDate "2007.11.18"]
[EventType "swiss"]
[EventRounds "11"]
[EventCountry "TUR"]
[SourceTitle "CBM 121 Extra"]
[Source "ChessBase"]
[SourceDate "2008.01.10"]
[SourceVersion "1"]
[SourceVersionDate "2008.01.10"]
[SourceQuality "1"]

1. d4 Nf6 2. c4 g6 3. Nc3 Bg7 4. Nf3 d6 5. Bg5 h6 6. Bh4 g5 7. Bg3 Nh5 8. e3 Nxg3 9. hxg3 Nd7 10. Bd3 e6 11. Nd2 a6 12. f4 Rb8 13. Nde4 b5 14. cxb5 d5 15. Nf2 c5 16. bxc6 Nb6 17. b3 Qc7 18. Rc1 Qxc6 19. Na4 Qd6 20. Nc5 Nd7 21. 0-0 h5 22. Qe2 h4 23. gxh4 gxf4 24. Qg4 Bf6 25. h5 fxe3 26. Nh3 Nxc5 27. Rxc5 Rh6 28. Bg6 e2 29. Bxf7+ Kxf7 30. Qxe2 Ke7 31. Qf2 Rb4 32. Kh1 Bd7 33. Qd2 Bxd4 34. Qxh6 Qxc5 35. Qf8# 1-0

[Event "EU-ch U14 Girls"]
[Site "Herceg Novi"]
[Date "2005.09.21"]
[Round "7"]
[White "Kiss, Kinga"]
[Black "Bakhtiyarly, Aysel Anvar Qizi"]
[Result "1-0"]
[WhiteElo "2023"]
[BlackElo "1929"]
[PlyCount "91"]
[EventDate "2005.09.14"]
[EventType "swiss"]
[EventRounds "9"]
[EventCountry "YUG"]
[SourceTitle "CBM 108 Extra"]
[Source "ChessBase"]
[SourceDate "2005.11.04"]
[SourceVersion "1"]
[SourceVersionDate "2005.11.04"]
[SourceQuality "1"]

1. e4 c5 2. Nf3 d6 3. d4 cxd4 4. Nxd4 Nf6 5. Nc3 a6 6. Be2 e5 7. Nb3 Be7 8. 0-0 0-0 9. Be3 b5 10. a4 bxa4 11. Rxa4 Bb7 12. f3 Qc7 13. Bc4 Nbd7 14. Qe2 Nb6 15. Bxb6 Qxb6+ 16. Kh1 Ra7 17. Rfa1 Rfa8 18. Qd3 Bc8 19. Nd2 Bf8 20. Nd5 Nxd5 21. Bxd5 Rb8 22. Nc4 Qc7 23. b3 g6 24. Ra5 Bh6 25. Nxd6 Be6 26. Bxe6 fxe6 27. Nc4 Rd8 28. Qe2 Qd7 29. g3 Qd4 30. Nxe5 Rc7 31. Nc4 Qc3 32. Rxa6 Rxc4 33. bxc4 Rd2 34. Ra8+ Bf8 35. Qf1 Qxc2 36. Qg1 Qd3 37. Qf1 Qe3 38. R8a2 Rd3 39. Qe2 Qd4 40. Rc1 Re3 41. Qb2 Qd3 42. Qc2 Qd4 43. c5 Rxf3 44. c6 Qf6 45. Kg2 Bd6 46. c7 1-0

[Event "EU-ch U14 Girls"]
[Site "Urgup"]
[Date "2004.07.??"]
[Round "9"]
[White "Ozturk Orenli, Kubra"]
[Black "Bakhtiyarly, Aysel Anvar Qizi"]
[Result "0-1"]
[WhiteElo "1978"]
[BlackElo "1929"]
[PlyCount "126"]
[EventDate "2004.08.??"]
[EventType "swiss"]
[EventRounds "9"]
[EventCountry "TUR"]
[SourceTitle "EXT 2005"]
[Source "ChessBase"]
[SourceDate "2004.11.15"]
[SourceVersion "1"]
[SourceVersionDate "2004.11.15"]
[SourceQuality "1"]

1. Nf3 d5 2. g3 Bf5 3. Bg2 Nf6 4. d3 h6 5. 0-0 e6 6. Nbd2 Nbd7 7. c4 Be7 8. b3 0-0 9. Bb2 c6 10. a3 Re8 11. b4 c5 12. b5 Qc7 13. a4 a5 14. Ra3 Rad8 15. Nh4 Bh7 16. e4 dxe4 17. dxe4 Ne5 18. Bxe5 Qxe5 19. Qc2 g5 20. Nhf3 Bxe4 21. Nxe4 Qxe4 22. Qc3 Qe2 23. Re1 Rd1 24. Bf1 Rxe1 25. Nxe1 Qd1 26. Ra1 Qd4 27. Rc1 Qxc3 28. Rxc3 Rd8 29. Bg2 b6 30. Rd3 Rd4 31. Rxd4 cxd4 32. Bc6 e5 33. Kf1 e4 34. f3 d3 35. Ng2 exf3 36. Bxf3 Nd7 37. Ne3 Nc5 38. Nd5 Bd8 39. Bd1 f5 40. Kf2 Kf7 41. Ke3 Ke6 42. Kd4 Kd6 43. Bf3 Nxa4 44. Kxd3 Kc5 45. Ne3 Nb2+ 46. Kc2 Nxc4 47. Nxf5 Kxb5 48. Nd4+ Ka4 49. Kc3 Nd6 50. Bd1+ Ka3 51. Nc2+ Ka2 52. Ne3 Bf6+ 53. Kc2 b5 54. Bf3 Bd4 55. Bd5+ Ka3 56. Nf1 Kb4 57. Nd2 a4 58. Kb1 Be3 59. Nf1 Bg1 60. h3 Nc4 61. g4 Bf2 62. Nh2 Kc3 63. Nf3 b4 0-1

[Event "AZE-ch U20 Girls"]
[Site "Baku"]
[Date "2004.01.28"]
[Round "?"]
[White "Bakhtiyarly, Aysel Anvar Qizi"]
[Black "Umudova, Nargiz"]
[Result "1-0"]
[WhiteElo "1929"]
[BlackElo "2075"]
[PlyCount "53"]
[EventDate "2004.01.??"]
[EventType "tourn"]
[EventRounds "11"]
[EventCountry "AZE"]
[SourceTitle "EXT 2005"]
[Source "ChessBase"]
[SourceDate "2004.11.15"]
[SourceVersion "1"]
[SourceVersionDate "2004.11.15"]
[SourceQuality "1"]

1. e4 c6 2. d4 d5 3. exd5 cxd5 4. Bd3 Nc6 5. Nf3 Nf6 6. 0-0 Bg4 7. c3 e6 8. Bg5 Be7 9. Nbd2 0-0 10. Re1 Rb8 11. Qe2 a6 12. a4 Qc7 13. Qe3 Bxf3 14. Qxf3 h6 15. Be3 Rfe8 16. Nf1 b5 17. axb5 axb5 18. Bf4 Bd6 19. Bxh6 e5 20. Qg3 Nh5 21. Qg4 e4 22. Qxh5 gxh6 23. Bc2 Ne7 24. f3 f5 25. fxe4 dxe4 26. Qxh6 Nd5 27. Bb3 1-0